000 01524nam a2200301 a 4500
001 BRCA_3161
005 20190320204136.0
008 110209s1901----fr-a---###---#000-0#fre-u
041 _afre
044 _afr
084 _a465
_b.E38
_c1901
100 1 _aCervantes Saavedra, Miguel de
_d1547-1616
_9213
245 1 0 _aMichel Cervantes
_bDon Quichotte de la Manche
_cMichel Cervantes.
260 _aParís
_bLibraire D´Éducation Nationale
_c1901
300 _aviii, 328 p.
_bil.
_c30 cm.
500 _aContenido : Primera parte. Texto abreviado. Segunda parte. Texto abreviado
500 _aEdición : Nouvelle Mise a la Portée de la Jeunesse par Nallat de Bassilan de la Bibliothèque Nationale. Illustrée de Nombreuses Gravures par V. A. Poirson, Albart Guillaume et J. Pelcocq. Gravures sur bois de Jouenne
500 _aAbreviación de la novela para uso de la juventud. Las láminas están bien trazadas; pero la indumentaria de los personajes demuestra que sus autores no conocían la época en que Cervantes sitúa la fábula. Tela; lomo y cubierta ricamente decorados con adornos multicolores Lúdovik Osterc
500 _aQM1022
546 _aTexto en : español
650 1 4 _aNovela española
_yÉpoca clásica, 1500-1700
_9215
650 1 4 _aLiteratura española
_yÉpoca clásica, 1500-1700
_9216
650 1 4 _aNovela española
_ySiglo XVII
_9217
650 1 4 _aDon Quijote (Personaje ficticio)
_eNovela
_9218
740 0 _aEl Ingenioso Hidalgo Don Quijote de la Mancha
902 _aQFM
942 _2lcc
_cB
999 _c2897
_d2897